Philosophie, economie politique, socialisme (Record no. 59825)
[ view plain ]
| 000 -LEADER | |
|---|---|
| campo de control de longitud fija | 00717nam a2200193 i 4500 |
| 001 - NÚMERO DE CONTROL | |
| campo de control | 59825 |
| 003 - IDENTIFICADOR DE NÚMERO DE CONTROL | |
| campo de control | ES-MaACL |
| 007 - CAMPO FIJO DE DESCRIPCIÓN FÍSICA--INFORMACIÓN GENERAL | |
| campo de control de longitud fija | t| |
| 008 - DATOS DE LONGITUD FIJA--INFORMACIÓN GENERAL | |
| campo de control de longitud fija | 031031s1911 fr ||||1| fre d |
| 100 1# - ENTRADA PRINCIPAL--NOMBRE DE PERSONA | |
| Nombre de persona | Engels, Friedrich. |
| 9 (RLIN) | 47225 |
| 245 10 - MENCIÓN DEL TÍTULO | |
| Título | Philosophie, economie politique, socialisme |
| Resto del título | : (coupe Eugenne Düring) / |
| Mención de responsabilidad, etc. | par Friedrich Engels ; traduit sur la 6eme edition allemande avec una introducion et des notes par Edmond Laskine. |
| 260 ## - PUBLICACIÓN, DISTRIBUCIÓN, ETC. | |
| Lugar de publicación, distribución, etc. | Paris : |
| Nombre del editor, distribuidor, etc. | V. Giard, |
| Fecha de publicación, distribución, etc. | 1911. |
| 300 ## - DESCRIPCIÓN FÍSICA | |
| Extensión | CXIV, 420 p. ; |
| Dimensiones | 23 cm. |
| 490 1# - MENCIÓN DE SERIE | |
| Mención de serie | Bibliothèque socialiste internationale |
| 700 1# - ENTRADA AGREGADA--NOMBRE PERSONAL | |
| Nombre de persona | Laskine, Edmond. |
| 9 (RLIN) | 70446 |
| 830 0# - PUNTO DE ACCESO ADICIONAL DE SERIE-TÍTULO UNIFORME | |
| Título uniforme | Bibliothèque socialiste internationale |
| 9 (RLIN) | 188193 |
| 852 ## - LOCALIZACIÓN | |
| Ubicación | ES-MaACL |
| Número de control de estantería | G-6108 |
| Estatus retirado | Estado de pérdida | Estado de daño | No para préstamo | Biblioteca de origen | Biblioteca actual | Ubicación en estantería | Fecha de adquisición | Fuente de adquisición | Total de préstamos | Signatura topográfica completa | Código de barras | Visto por última vez | Precio de reemplazo | Tipo de ítem Koha |
|---|---|---|---|---|---|---|---|---|---|---|---|---|---|---|
| Biblioteca del Ateneo de Madrid | Biblioteca del Ateneo de Madrid | Depósito 2 | 17/01/2008 | G-6108 | 1062745 | 23/02/2023 | 23/02/2023 | Libro impreso |
